| 000 | 00399nam a2200169Ia 4500 | ||
|---|---|---|---|
| 100 | _aGrout/Ian A | ||
| 650 | _aIntegrated circuit | ||
| 942 | _cBK | ||
| 366 | _f25 | ||
| 654 | _aintegrated circuit | ||
| 245 | _aIntegrated circuit test engineering:Modern techniques | ||
| 260 |
_bSpringer _c2006 |
||
| 082 |
_a621.381548 _bGRO |
||
| 300 | _a362 | ||
| 546 |
_aENGLISH _cPAMPHALETS |
||
| 999 |
_c20337 _d20337 |
||